Pharmaceutical emulsions and emulsifying agents.

Bibliographic Details
Main Author: Spalton, Lawrence M.
Format: Book
Language:English
Published: Brooklyn, N.Y. : Chemical Publishing Co., Inc., 1950.
Subjects:

MARC

Tag First Indicator Second Indicator Subfields
LEADER 00000cam a2200000 4500
001 in00000041549
005 20151007074614.0
008 730530s1950 nyua 00000 eng u
035 |a (OCoLC)00633698 
035 |9 AAF1799AM 
040 |c WSU  |d TXA  |d UtOrBLW 
049 |a TXAM  |c [184652] 
050 0 |a RS201.E5  |b S6 
060 0 |a QV785  |b .S734p 1950 
092 |a 541.3452  |b S734p 
100 1 |a Spalton, Lawrence M. 
245 1 0 |a Pharmaceutical emulsions and emulsifying agents. 
264 1 |a Brooklyn, N.Y. :  |b Chemical Publishing Co., Inc.,  |c 1950. 
300 |a vii, 132 pages :  |b illustrations ;  |c 22 cm. 
336 |a text  |b txt  |2 rdacontent 
337 |a unmediated  |b n  |2 rdamedia 
338 |a volume  |b nc  |2 rdacarrier 
650 0 |a Emulsions. 
650 0 |a Pharmacy. 
999 |a MARS 
999 f f |s 6f03f64a-de90-326c-add3-2e63fbdd1524  |i 8198aab1-6326-32b3-8e51-b61597747dd6  |t 0 
952 f f |p ric  |a Texas A&M University  |b Rellis Campus  |c Joint Library Facility  |d Remote Storage  |t 0  |e RS201.E5 S6  |h Library of Congress classification  |i unmediated -- volume  |m A14800936452 
998 f f |a RS201.E5 S6  |t 0  |l Remote Storage